| 000 | 01138nam a2200289 i 4500 | ||
|---|---|---|---|
| 001 | 67447 | ||
| 003 | ES-MaACL | ||
| 005 | 20231213202338.0 | ||
| 007 | t| | ||
| 008 | 040526s2003 sp ||||0| spa d | ||
| 020 | _a84-362-4372-2 | ||
| 080 | _a323.172(460.22)"19" | ||
| 080 | _a94(460.22)"1931/39" | ||
| 100 | 1 |
_aDíez Torre, Alejandro R. _944776 |
|
| 245 | 1 | 0 |
_aOrígenes del cambio regional y turno del pueblo, Aragón, 1900-1938 / _cAlejandro R. Díez Torre. |
| 250 | _a1ª ed. | ||
| 260 |
_aMadrid : _bUniversidad Nacional de Educación a Distancia ; _aZaragoza : _bPrensas Universitarias de Zaragoza, _c2003. |
||
| 300 |
_a2 v. : _bil. ; _c30 cm. |
||
| 500 | _aÍndices: v. 2. | ||
| 504 | _aBibliografía: p. 519-566. | ||
| 505 | 8 | _aContiene: 1. Confederados, orígenes del cambio regional de Aragón, 1900-1936 (454 p.) - 2. Solidarios, un turno del pueblo, Aragón, 1936-1938 (594 p.) | |
| 650 | 4 |
_aRegionalismo- _zAragón. _9174577 |
|
| 650 |
_aDescentralización administrativa- _zAragón. _911821 |
||
| 651 | 4 |
_aAragón- _xHistoria- _y1931-1939. _97789 |
|
| 852 | 4 |
_aES-MaACL _jL-27657-58 |
|
| 999 |
_c67447 _d67447 |
||